|
|
|
|
| LEADER |
00000nam a2200000 a 4500 |
| 001 |
vtls001405819 |
| 003 |
SK-MaSNL |
| 005 |
20260301202048.0 |
| 008 |
240313s1961 xx 0 und |
| 035 |
|
|
|a SNK000360447
|
| 040 |
|
|
|a SNK
|b slo
|c SNK
|e AACR2
|
| 100 |
1 |
|
|a Moller, C.
|4 aut
|9 461836
|
| 245 |
1 |
|
|a Conservation laws and absolute parallelism in general relativity
|
| 260 |
|
|
|a Kobenhavn
|b Ejnar Munksgaard
|c 1961
|
| 300 |
|
|
|a 50 s.
|
| 999 |
|
|
|c 897396
|d 899326
|
| 952 |
|
|
|t P60, <04>, [BOOK], {604}
|a SNK
|b SNK
|y VYP
|7 0
|p 17A0152979
|o snkIB 12521
|0 0
|1 0
|4 0
|d 2001-01-27
|l 0
|r 2005-01-02 00:00:00
|w 2026-02-24
|